Word Ladder: Fury Plot Spoiler Quiz Stats

Quiz Updated Apr 2, 2015

Challenge
Share
Tweet
Embed
Score 0/23 Timer 02:00
0 Plays Today
Hint 4-Letter Word % Correct
____ and needlesPINS
96.4%
Landlord's feeRENT
96.2%
Peruse a novelREAD
94.4%
West ____ StorySIDE
94.4%
✪ ____ OF THE MOHICANS ✪✪ LAST ✪
94.2%
Guinness portionPINT
93.7%
Bottled upPENT
91.9%
Rosary unitBEAD
91.3%
Tear asunderREND
89.1%
HistoryPAST
89%
✪ AMUSEMENT PARK FEATURE ✪✪ RIDE ✪
88.9%
Trigonometry functionSINE
88.8%
Hint 4-Letter Word % Correct
Went to the bottomSANK
87.2%
✪ AQUARIUM ✪✪ TANK ✪
86.8%
New England NFL team (abbrv.)PATS
86.7%
RationalSANE
85.9%
Mountain gapPASS
85.3%
✪ LA BREA TAR ____✪ PITS ✪
84.8%
WhipLASH
81.7%
Wild partyBASH
80.2%
ChoreTASK
79.7%
Use a chaise loungeBASK
75.3%
✪ SMALL NAIL ✪✪ BRAD ✪
59.2%

Today's Daily Dose

Missing Word
Jazz Songs 'C'

On This Day
January 18th

You're not logged in!

Compare scores with friends on all Sporcle quizzes.
Sign Up with Email
OR
Log In

You Might Also Like...

Show Comments

Extras

Top Quizzes Today


Score Distribution

Your Account Isn't Verified!

In order to create a playlist on Sporcle, you need to verify the email address you used during registration. Go to your Sporcle Settings to finish the process.